Römische Provinzen Karten-Quiz - Statistiken

Allgemein
  • Dieses Quiz wurde 786 mal gespielt
    309 seit der letzten Aktualisierung
  • Das Durchschnittsergebnis liegt bei 20 aus 46
Antworten auf der Karte
Die Antworten werden auf der Karte rot bzw. grün angezeigt, abhängig davon wie oft sie richtig erraten wurden.
 
Antwortstatistiken
Antwort % Korrekt
Corsica
79%
Britannia
77%
Sardinia
73%
Italia
71%
Sicilia
71%
Aegyptus
70%
Cyprus
67%
Syria
64%
Baleares
63%
Judea
63%
Creta et Cyrene
57%
Armenia
56%
Macedonia
56%
Dacia
53%
Gallia Belgica
52%
Gallia Lugdunensis
50%
Alpes Maritimae
46%
Hispania Tarraconensis
45%
Arabia
44%
Dalmatia
44%
Gallia Narbonensis
44%
Hispania Baetica
43%
Africa Proconsularis
42%
Germania Inferior
42%
Mauretania Caesarensis
40%
Mesopotamia
40%
Asia
38%
Aquitania
37%
Germania Superior
37%
Lusitiana
36%
Mauretania Tingitana
36%
Raetia
34%
Achaea
33%
Bitynia et Pontus
30%
Alpes Cottiae
29%
Thracia
29%
Alpes Poeniae
28%
Noricum
27%
Moesia Inferior
22%
Lycia et Pamphylia
21%
Cappadocia
20%
Pannonia Inferior
20%
Pannonia Superior
18%
Moesia Superior
16%
Cilicia
15%
Galatia
13%
Keine übereinstimmenden Quizze gefunden
Verteilung der Resultate
Anzahl Personen mit jedem Resultat
Perzentil nach korrekt beantworteten Fragen
Ihre Resultats-Entwicklung
Sie haben dieses Quiz seit der letzten Aktualisierung nicht gespielt